000 01168nam a2200229Ia 4500
001 L239-11641
003 IT-CnALBA
008 170116s9999||||xx |||||||||||||| ||und||
040 _aIT-CnALBA
_cIT-CnALBA
041 _aITALIANO
100 _aPELLEGRINO EUGENIO
245 0 _aMAO CERCA UN PAPA.
250 _a2a ed.
260 _a ROMA
_bOPERE MISS. DIREZ. NAZ. PONT.
_c1953 [1° Ed.: n.d.]
300 _a181 p.
500 _aPONTE DI LOWU. CRISTIANESIMO IMPREGNATO DI CAPITALISMO E IMPERIALISMO. VESCOVI PERSEGUITATI. INTERNUNZIO DELLA SANTA SEDE IMPRIGIONATO. ESPULSIONI. UCCISIONI. FABBRICA DI CRIMINALI. MISSIONARI TORTURATI. MARTIRIO. FALLIMENTO DELLA PERSECUZIONE DI MAO. SPE
501 _aSocietà San Paolo EM - Piazza San Paolo, 14 - 12051 ALBA (CN) (non commercial uses only) ® Copyright 2017
520 _aPONTE DI LOWU. CRISTIANESIMO IMPREGNATO DI CAPITALISMO E IMPERIALISMO. VESCOVI PERSEGUITATI. INTERNUNZIO DELLA SANTA SEDE IMPRIGIONATO. ESPULSIONI. UCCISIONI. FABBRICA DI CRIMINALI. MISSIONARI TORTURATI. MARTIRIO. FALLIMENTO DELLA PERSECUZIONE DI MAO. SPE
650 _aAPOLOGETICA E CONTROVERSIE
942 _cBK
957 _71
999 _a16394
_bNO
_g Copie: 1
_c270818
_d270818